00373nam a2200145Ia 4500008004100000020001800041041000800059082001600067100001600083245005200099250000600151260004200157300001300199650001500212210716s2008 xx 000 0 und d a9788120335615 aeng a658.02 SAPR aSapru, R K. aAdministrative theories and management thought. a2 aNew DelhibPHI Learning Pvt Ltdc2008 axxii,518 aMANAGEMENT